Fr. Conceicao Rodrigues College of Engineering

Workshop calculations for machine tool operator (Record no. 17781)

MARC details
000 -LEADER
fixed length control field 00300nam a2200133Ia 4500
082 ## - DEWEY DECIMAL CLASSIFICATION NUMBER
Classification number 621.9
100 ## - MAIN ENTRY--PERSONAL NAME
Personal name Williams/ G
245 ## - TITLE STATEMENT
Title Workshop calculations for machine tool operator
260 ## - PUBLICATION, DISTRIBUTION, ETC.
Name of publisher, distributor, etc. vishal pub.
Place of publication, distribution, etc. Ambala
Date of publication, distribution, etc. 1979
300 ## - PHYSICAL DESCRIPTION
Extent 173
546 ## - LANGUAGE NOTE
Language note ENGLISH
654 ## - SUBJECT ADDED ENTRY--FACETED TOPICAL TERMS
Focus term Workshop
942 ## - ADDED ENTRY ELEMENTS (KOHA)
Koha item type BOOK
Holdings
Withdrawn status Lost status Damaged status Not for loan Collection Home library Current library Date acquired Source of acquisition Cost, normal purchase price Inventory number Total Checkouts Full call number Barcode Date last seen Cost, replacement price Price effective from Koha item type
        AFT Fr. Agnel's C.Rodrigues College of Engineering Fr. Agnel's C.Rodrigues College of Engineering 17/03/2023 UBS 18.75 T-6   621.9 AFT3253 17/03/2023 18.75 17/03/2023 BOOK